| 000 | 00511nam a22001577a 4500 | ||
|---|---|---|---|
| 003 | MACL | ||
| 005 | 20171219131957.0 | ||
| 008 | 171219b xxu||||| |||| 00| 0 eng d | ||
| 040 | _cMACL | ||
| 100 |
_aजगदीश्वर प्रसाद _947900 |
||
| 245 | _aतुलसी के मानसेतर काव्य | ||
| 250 |
_aआगरा _bअरविन्द प्रकाशन |
||
| 260 | _c2014 | ||
| 650 |
_aकाव्यालोचना _954621 |
||
| 942 |
_2ddc _cHIN |
||
| 999 |
_c57218 _d57218 |
||